Stop the clock policies and career success in academic (Record no. 87344)

000 -LEADER
fixed length control field 00467pab a2200181 454500
008 - FIXED-LENGTH DATA ELEMENTS--GENERAL INFORMATION
fixed length control field 180718b2010 xxu||||| |||| 00| 0 eng d
100 ## - MAIN ENTRY--PERSONAL NAME
Personal name Manchester, colleen Flaherty
245 ## - TITLE STATEMENT
Title Stop the clock policies and career success in academic
260 ## - PUBLICATION, DISTRIBUTION, ETC.
Date of publication, distribution, etc. 2010
300 ## - PHYSICAL DESCRIPTION
Extent p.219-23.
362 ## - DATES OF PUBLICATION AND/OR SEQUENTIAL DESIGNATION
Dates of publication and/or sequential designation May
650 ## - SUBJECT ADDED ENTRY--TOPICAL TERM
Topical term or geographic name entry element Career development
700 ## - ADDED ENTRY--PERSONAL NAME
Personal name Kramer, Amit
700 ## - ADDED ENTRY--PERSONAL NAME
Personal name Leslie, Lisa M.
773 ## - HOST ITEM ENTRY
Main entry heading American Economic Review
908 ## - PUT COMMAND PARAMETER (RLIN)
Put command parameter N
909 ## -
-- 87344
Holdings
Withdrawn status Lost status Damaged status Not for loan Permanent Location Current Location Date acquired Serial Enumeration / chronology Barcode Date last seen Price effective from Koha item type
        Indian Institute of Public Administration Indian Institute of Public Administration 2018-07-19 Volume no: 100, Issue no: 2 AR87804 2018-07-19 2018-07-19 Articles

Powered by Koha